000 00328nam a22001337a 4500
020 _a0-19-566820-0
082 _a004
_bGEH/C
100 _aPREETI GEHLOT, CHARU GUPTA
245 _aOXFORD COMPUTER SCIENCE
_bCBSE CLASS XII
260 _aDELHI
_bOXFORD INDIA
_c2006
300 _a842
650 _aCS FOR CLASS XII
_zINDIA
942 _cBK
999 _c577
_d577